<?xml version="1.0" encoding="UTF-8"?>
<record
    xmlns:xsi="http://www.w3.org/2001/XMLSchema-instance"
    xsi:schemaLocation="http://www.loc.gov/MARC21/slim http://www.loc.gov/standards/marcxml/schema/MARC21slim.xsd"
    xmlns="http://www.loc.gov/MARC21/slim">

  <leader>01131nam a22002057a 4500</leader>
  <controlfield tag="005">20230107123605.0</controlfield>
  <controlfield tag="008">230106b           ||||| |||| 00| 0 eng d</controlfield>
  <datafield tag="020" ind1=" " ind2=" ">
    <subfield code="a">9781137611925</subfield>
  </datafield>
  <datafield tag="040" ind1=" " ind2=" ">
    <subfield code="c">AL</subfield>
  </datafield>
  <datafield tag="041" ind1=" " ind2=" ">
    <subfield code="a">eng</subfield>
  </datafield>
  <datafield tag="082" ind1=" " ind2=" ">
    <subfield code="2">23</subfield>
    <subfield code="a">801.95</subfield>
    <subfield code="b">BRAN</subfield>
  </datafield>
  <datafield tag="100" ind1=" " ind2=" ">
    <subfield code="a">John Brannigan</subfield>
    <subfield code="9">68719</subfield>
  </datafield>
  <datafield tag="245" ind1=" " ind2=" ">
    <subfield code="a">New Historicism and cultural materialism</subfield>
  </datafield>
  <datafield tag="260" ind1=" " ind2=" ">
    <subfield code="a">New York</subfield>
    <subfield code="b">Palgrave Macmillan</subfield>
    <subfield code="c">2017</subfield>
  </datafield>
  <datafield tag="300" ind1=" " ind2=" ">
    <subfield code="a">ix,249p.</subfield>
    <subfield code="b">PB.</subfield>
    <subfield code="c">21x13.5cm.</subfield>
  </datafield>
  <datafield tag="365" ind1=" " ind2=" ">
    <subfield code="2">General</subfield>
    <subfield code="a">1834</subfield>
    <subfield code="b">&#x20B9;463.00</subfield>
    <subfield code="c">&#x20B9;</subfield>
    <subfield code="d">&#x20B9;545.00</subfield>
    <subfield code="e">15%</subfield>
    <subfield code="f">12-12-2022</subfield>
  </datafield>
  <datafield tag="520" ind1=" " ind2=" ">
    <subfield code="a">In this study, John Brannigan explains the development of new historicism and cultural materialism and demonstrates both their uses and weaknesses as critical practices. Exemplary readings of Conrad's Heart of Darkness, Gilman's The Yellow Wallpaper, the poetry of Alfred Lord Tennyson and Yeats' Easter 1916 serve to show and criticize the new historicist and cultural materialist interpretative strategies. Brannigan explores the potential future of the theories and the debates surrounding their controversial position in literary studies.</subfield>
  </datafield>
  <datafield tag="650" ind1=" " ind2=" ">
    <subfield code="a">Philosophy and theory</subfield>
    <subfield code="9">68720</subfield>
  </datafield>
  <datafield tag="942" ind1=" " ind2=" ">
    <subfield code="2">ddc</subfield>
    <subfield code="c">BK</subfield>
  </datafield>
  <datafield tag="999" ind1=" " ind2=" ">
    <subfield code="c">226294</subfield>
    <subfield code="d">226294</subfield>
  </datafield>
  <datafield tag="952" ind1=" " ind2=" ">
    <subfield code="0">0</subfield>
    <subfield code="1">0</subfield>
    <subfield code="2">ddc</subfield>
    <subfield code="4">0</subfield>
    <subfield code="7">0</subfield>
    <subfield code="8">MAENG</subfield>
    <subfield code="a">SACPG</subfield>
    <subfield code="b">SACPG</subfield>
    <subfield code="d">2023-01-02</subfield>
    <subfield code="e">Vidya Vihar</subfield>
    <subfield code="g">463.00</subfield>
    <subfield code="l">0</subfield>
    <subfield code="o">801.95 BRAN</subfield>
    <subfield code="p">PG024141</subfield>
    <subfield code="r">2023-01-06 00:00:00</subfield>
    <subfield code="v">545.00</subfield>
    <subfield code="w">2023-01-06</subfield>
    <subfield code="y">BK</subfield>
  </datafield>
</record>
